| 000 | 00653nam a2200241Ia 4500 | ||
|---|---|---|---|
| 003 | OSt | ||
| 005 | 20220924122905.0 | ||
| 006 | a|||||r|||| 00| 0 | ||
| 007 | ta | ||
| 008 | 220923b |||||||| |||| 00| 0 urd d | ||
| 024 | _a286025 | ||
| 037 | _cTextual | ||
| 040 |
_aARTS _cARTS _burd |
||
| 041 |
_2urd _aurd |
||
| 082 | _aO168,1:g(Y), N3 | ||
| 100 |
_aRizvi Syed Mohammad Aquil _9190999 |
||
| 245 | 0 | _aMarsiye ke samajiyat | |
| 260 |
_aLucknow _bNusrat India _c1993 |
||
| 300 |
_a208p. _ccm. |
||
| 650 | _aURDU POETRY | ||
| 942 |
_hO168,1:g(Y), N3 _cTEXL _2CC |
||
| 999 |
_c413461 _d413461 |
||